| 000 | 00795cam a2200241 a 4500 | ||
|---|---|---|---|
| 001 | 3960205 | ||
| 005 | 20180313084646.0 | ||
| 008 | 940429s1995 ctua b 001 0 eng c | ||
| 010 | _a 94020080 | ||
| 020 | _a0838577091 | ||
| 040 |
_aDNLM/DLC _cDLC _dDLC |
||
| 041 | _aeng | ||
| 060 | 0 | 0 | _aWB 460 M666pa 1994 |
| 080 | _a610.73 MIN | ||
| 082 | 0 | 0 |
_a610.73 MIN _220 |
| 100 | 1 | _a8 | |
| 101 | _aEKF | ||
| 245 | 1 | 0 |
_aPatient care skills / _cMary A. Duesterhaus Minor, Scott Duesterhaus Minor ; photography by Robert Morrison. |
| 504 | _aIncludes bibliographical references and index. | ||
| 906 |
_a7 _bcbc _corignew _d1 _eocip _f19 _gy-gencatlg |
||
| 942 |
_2ddc _cBK |
||
| 999 |
_c44902 _d44902 |
||